Những tình huống thường gặp trong hoạt động quản lý nhà nước ở cơ sở xã - phường - thị trấn

Gardado en:
Detalles Bibliográficos
Autor Principal: Lê, Văn In
Formato: Libro
Idioma:Undetermined
Publicado: Tp. Hồ Chí Minh Trẻ 2005
Những chủ đề:
Các nhãn: Engadir etiqueta
Sen Etiquetas, Sexa o primeiro en etiquetar este rexistro!
Thư viện lưu trữ: Trung tâm Học liệu Trường Đại học Cần Thơ
LEADER 00638nam a2200193Ia 4500
001 CTU_74095
008 210402s9999 xx 000 0 und d
020 |b 28000 
082 |a 352.14 
082 |b I.311 
100 |a Lê, Văn In 
245 0 |a Những tình huống thường gặp trong hoạt động quản lý nhà nước ở cơ sở xã - phường - thị trấn 
245 0 |c Lê Văn In 
260 |a Tp. Hồ Chí Minh 
260 |b Trẻ 
260 |c 2005 
650 |a Office practice,Administrative law 
904 |i Năm 
980 |a Trung tâm Học liệu Trường Đại học Cần Thơ